000 00463nam a2200157 i 4500
001 74359
003 ES-MaACL
005 20250717063028.0
007 t|
008 040917s1906 sp ||||1| spa d
100 1 _aGonzález Revilla, Leopoldo,
_d1858-1915
_958905
245 1 3 _aLa patria potestad y la nacionalización /
_cLeopoldo González Revilla.
260 _aMadrid :
_b[s.n.,
_c1906]
852 _aES-MaACL
_jT-1089-F-5
999 _c74359
_d74359